Biblioteca y Centro de Documentación

Gobernanza económica europea (Registro nro. 49717)

Detalles MARC
000 -CABECERA
Longitud fija campo de control 01096naa a2200301 c 4500
001 - NÚMERO DE CONTROL
Número de control 49717
003 - IDENTIFICADOR DE NÚMERO DE CONTROL
Identificador del número de control ES-MaCES
005 - FECHA Y HORA DE LA ÚLTIMA TRANSACCIÓN
Fecha y hora de la última transacción 20170714131548.0
008 - CAMPO FIJO DE DESCRIPCIÓN FIJA--INFORMACIÓN GENERAL
Códigos de información de longitud fija   170714s2017 sp ||||| t||||||| ||spa d
040 ## - FUENTE DE CATALOGACIÓN
Centro catalogador de origen ES-MaCES
Lengua de catalogación spa
Centro transcriptor ES-MaCES
Centro modificado ES-MaCES
100 1# - ENCABEZAMIENTO PRINCIPAL--NOMBRE PERSONAL
9 (RLIN) 8385
Nombre de persona Brunet Cid, Ferran
245 10 - MENCIÓN DE TÍTULO
Título Gobernanza económica europea
Mención de responsabilidad, etc. Ferrán Brunet
504 ## - NOTA DE BIBLIOGRAFÍA, ETC.
Nota de bibliografía, etc. Bibliografía: p. 854-856
650 #4 - ASIENTO SECUNDARIO DE MATERIA--TÉRMINO DE MATERIA
9 (RLIN) 30776
Término de materia o nombre geográfico como elemento inicial política comunitaria
650 #4 - ASIENTO SECUNDARIO DE MATERIA--TÉRMINO DE MATERIA
9 (RLIN) 27210
Término de materia o nombre geográfico como elemento inicial gobierno
650 #4 - ASIENTO SECUNDARIO DE MATERIA--TÉRMINO DE MATERIA
9 (RLIN) 29381
Término de materia o nombre geográfico como elemento inicial integración política
650 #4 - ASIENTO SECUNDARIO DE MATERIA--TÉRMINO DE MATERIA
9 (RLIN) 27025
Término de materia o nombre geográfico como elemento inicial política económica
650 #4 - ASIENTO SECUNDARIO DE MATERIA--TÉRMINO DE MATERIA
9 (RLIN) 27206
Término de materia o nombre geográfico como elemento inicial administración económica
650 #4 - ASIENTO SECUNDARIO DE MATERIA--TÉRMINO DE MATERIA
9 (RLIN) 27960
Término de materia o nombre geográfico como elemento inicial mercado común
650 #4 - ASIENTO SECUNDARIO DE MATERIA--TÉRMINO DE MATERIA
9 (RLIN) 28082
Término de materia o nombre geográfico como elemento inicial política fiscal
650 #4 - ASIENTO SECUNDARIO DE MATERIA--TÉRMINO DE MATERIA
9 (RLIN) 29918
Término de materia o nombre geográfico como elemento inicial mecanismo de control
650 #4 - ASIENTO SECUNDARIO DE MATERIA--TÉRMINO DE MATERIA
9 (RLIN) 30358
Término de materia o nombre geográfico como elemento inicial ajuste estructural
650 #4 - ASIENTO SECUNDARIO DE MATERIA--TÉRMINO DE MATERIA
9 (RLIN) 26752
Término de materia o nombre geográfico como elemento inicial UE
653 10 - TÉRMINO DE INDEXACIÓN--NO CONTROLADO
Término no controlado Mercado Único Europeo
773 0# - ENTRADA DE DOCUMENTO FUENTE
Itemnumber del ítem fuente 86231
Edición 1ª ed
Lugar, editor y fecha de publicación Cizur Menor (Navarra) Civitas-Thomson Reuters 2017
Otro identificador del documento 089128
Título Política económica, economía regional y servicios
Número de control del registro relacionado (ES-MaCES)49528
Número Internacional Normalizado para Libros (ISBN) 9788491526452
Parte(s) relacionada(s) p.831-856 . - SG-0.0.-631
902 ## - CES. TIPO DE DOCUMENTO
Tipodoc (006$c Sirtex) ARL Artículo de libro
942 ## - ELEMENTOS KOHA
Fuente de clasificaión o esquema Clasificación propia del CES
Koha [por defecto] tipo de item Artículos (1982-2017)
Parte de clasificación Mercado Ünico Europeo

No hay ítems disponibles.

© CES, Consejo Económico y Social de España 2021